Last Leaders of Each Communist European Country - Statistics

General Stats
  • This quiz has been taken 18 times
  • The average score is 2 of 9
Answer Stats
Flag Country Last Leader % Correct
Soviet Union Mikhail Gorbachev
100%
Poland Wojciech Jaruzelski
44%
East Germany Egon Krenz
17%
Romania Nicolae Ceauçescu
17%
Bulgaria Todor Zhivkov
17%
Albania Ramiz Alia
11%
Czechoslovakia Gustáv Husák
6%
Hungary Brunó Straub
0%
Yugoslavia Stjepan Mesić
0%
No matching quizzes found
Score Distribution
Percent of People with Each Score
Percentile by Number Answered
Your Score History
You have not taken this quiz